000 00319 a2200157 4500
001 173376
020 _a
040 _cMagnum
100 _aSiguemoto, Regina
240 1 0 _aO que é de quem?
_lpor
245 1 0 _aO que é de quem?
300 _a16
362 0 _a1991
697 _aLITERATURA INFANTIL
942 _cBK
999 _c173376
_d173376